Quiz sulla Costa d'Avorio - Statistics

Statistiche generali
  • Questo quiz è stato fatto 482 volte
  • Il punteggio medio è 11 su 17
Statistiche sulle risposte
Hint Risposta % Corretto
Lingua ufficiale Francese
93%
Ghana
89%
Guinea
86%
Liberia
85%
Paesi confinanti Burkina Faso
84%
Paese la cui bandiera è molto simile a quella della Costa d'Avorio Irlanda
80%
Mali
78%
Capitale Yamoussoukro
71%
Capocannoniere di tutti i tempi per la squadra di calcio ivoriana Didier Drogba
62%
Città più popolata Abidjan
59%
La "Basilica di Nostra Signora della Pace" nella capitale ivoriana è una delle più grandi chiese nel mondo il cui stile richiama quest'altra famosa chiesa Basilica di San Pietro
58%
Nome ufficiale della Costa d'Avorio Côte d'Ivoire
58%
La Costa d'Avorio è il primo produttore mondiale di questa bacca Cacao
54%
Soprannome dato ai giocatori della nazionale di calcio (pensa al nome del paese) Elefanti
52%
Sorprendentemente, i cittadini di quest'isola asiatica sono gli unici che possono visitare la Costa d'Avorio senza richiedere un visto Singapore
47%
Cantante pop americano dichiarato re del regno ivoriano di Sanwi nel 1992 Michael Jackson
35%
Prodotto derivato dalla linfa degli alberi che è una delle esportazioni più importanti della Costa d'Avorio Gomma
33%
Nessun quiz corrispondente trovato
Distribuzione punteggi
Percentuale di utenti per punteggio
Percentile per numero di risposta
I tuoi punteggi nel tempo
Non hai fatto questo quiz